Ibers i grecs a l'Hospitalet de l'Infant / (Record no. 169269)

MARC details
000 -LEADER
campo de control de longitud fija 01039nam a2200265 i 4500
001 - NÚMERO DE CONTROL
campo de control 169269
003 - IDENTIFICADOR DE NÚMERO DE CONTROL
campo de control ES-MaACL
005 - FECHA Y HORA DE LA ÚLTIMA TRANSACCIÓN
campo de control 20230906214039.0
008 - DATOS DE LONGITUD FIJA--INFORMACIÓN GENERAL
campo de control de longitud fija 080827s2006 sp |||| | cat d
017 ## - NÚMERO DE COPYRIGHT O DE DEPÓSITO LEGAL
Número de copyright o de depósito legal T-1.832-2006
020 ## - NÚMERO INTERNACIONAL ESTÁNDAR DEL LIBRO
Número Internacional Estándar del Libro 84-932587-7-6
080 ## - NÚMERO DE LA CLASIFICACIÓN DECIMAL UNIVERSAL
Número de la Clasificación Decimal Universal 904(460.237 Vandellòs):7.032(38)
080 ## - NÚMERO DE LA CLASIFICACIÓN DECIMAL UNIVERSAL
Número de la Clasificación Decimal Universal 94(460.237 Vandellòs)".../04"
100 1# - ENTRADA PRINCIPAL--NOMBRE DE PERSONA
Nombre de persona Dupré i Raventós, Xavier.
9 (RLIN) 138360
245 10 - MENCIÓN DEL TÍTULO
Título Ibers i grecs a l'Hospitalet de l'Infant /
Mención de responsabilidad, etc. Xavier Dupré Raventós.
260 ## - PUBLICACIÓN, DISTRIBUCIÓN, ETC.
Lugar de publicación, distribución, etc. Tarragona :
Nombre del editor, distribuidor, etc. Museu Nacional Arqueològic de Tarragona,
Fecha de publicación, distribución, etc. 2006.
300 ## - DESCRIPCIÓN FÍSICA
Extensión 54 p. :
Otras características físicas il., graf. ;
Dimensiones 24 cm.
490 1# - MENCIÓN DE SERIE
Mención de serie Forum : temes d'història i d'arqueologia tarragonines ;
Designación de volumen o secuencia 11
504 ## - NOTA DE BIBLIOGRAFÍA, ETC.
Nota de bibliografía, etc. Bibliografía.
651 #4 - PUNTO DE ACCESO ADICIONAL DE MATERIA--NOMBRE GEOGRÁFICO
Nombre geográfico Vandellòs i l'Hospitalet de l'Infant-
Subdivisión general Restos arqueológicos griegos.
9 (RLIN) 138361
651 #4 - PUNTO DE ACCESO ADICIONAL DE MATERIA--NOMBRE GEOGRÁFICO
Nombre geográfico Vandellòs i l'Hospitalet de l'Infant-
Subdivisión general Historia.
9 (RLIN) 138362
830 0# - PUNTO DE ACCESO ADICIONAL DE SERIE-TÍTULO UNIFORME
Título uniforme Forum : temes d'història i d'arqueologia tarragonines ;
Designación de volumen o secuencia 11
9 (RLIN) 188851
852 4# - LOCALIZACIÓN
Ubicación ES-MaACL
Número de control de estantería L-29720
itemnumber R.143234
Holdings
Estatus retirado Estado de pérdida Estado de daño No para préstamo Biblioteca de origen Biblioteca actual Ubicación en estantería Fecha de adquisición Fuente de adquisición Total de préstamos Signatura topográfica completa Código de barras Visto por última vez Precio de reemplazo Tipo de ítem Koha
        Biblioteca del Ateneo de Madrid Biblioteca del Ateneo de Madrid Depósito 2 27/08/2008     L-29720 1177712 23/02/2023 23/02/2023 Libro impreso